000 00691nam a2200241Ia 4500
003 OSt
005 20220927105108.0
006 a|||||r|||| 00| 0
007 ta
008 220926b |||||||| |||| 00| 0 eng d
024 _a159556
037 _cReference Collections
040 _aRTL
_cRTL
_beng
041 _2eng
_aeng
082 _a"W,32m2.N73, L3.33-2"
110 _a"INDIA, LOK SABHA"
_9370092
245 0 _aIndia lok sabha (9th session) debates
260 _aNew
_bDelhi Lok Sabha Secretariat
_c1973
500 _aFifth series
700 _a"INDIA, LOK SABHA"
_9370093
942 _h"W,32m2.N73, L3.33-2"
_cCC
999 _c690605
_d690605